Category A-Z - Statistics

General Stats
  • This quiz has been taken 33 times
  • The average score is 21 of 26
Answer Stats
Hint Answer % Correct
Azerbaijan A
92%
Russia R
92%
Bamboo B
88%
Elephant E
88%
Ice Cream I
88%
Mars M
85%
Table T
85%
Uranus U
85%
Chair C
81%
Denmark D
81%
Fish F
81%
Lemon L
81%
Netherlands N
81%
Owl O
81%
Poland P
81%
Qatar Q
81%
Watermelon W
81%
X-ray X
81%
Kangaroo K
77%
Snake S
77%
Zebra Z
77%
Gorilla G
73%
Helicopter H
73%
Jar J
73%
Yemen Y
73%
Venus V
69%
No matching quizzes found
Score Distribution
Percent of People with Each Score
Percentile by Number Answered
Your Score History
You have not taken this quiz